| 000 | 00406nam a22001457a 4500 | ||
|---|---|---|---|
| 003 | OSt | ||
| 008 | 210914b ||||| |||| 00| 0 eng d | ||
| 020 | _a9789383305643 | ||
| 082 |
_a635.0493 _bSAN/DI |
||
| 100 |
_aSanjeev Kumar _9773 |
||
| 245 |
_aDiseases of Horticultural Crops _bIdentification & Management |
||
| 260 |
_aNew Delhi _bNew India Publishing Agency _c2015 |
||
| 300 | _a270 pages | ||
| 942 | _cBK | ||
| 999 |
_c17420 _d17420 |
||